ბათუმის შოთა რუსთაველის სახელმწიფო უნივერსიტეტის ბიბლიოთეკა

ქართველი მეტალურგები (ბიბ.ჩანაწერი № 43210)

000 -LEADER
fixed length control field 00762nam a2200229Ia 4500
001 - CONTROL NUMBER
control field 9935
003 - CONTROL NUMBER IDENTIFIER
control field GE_BSU
008 - FIXED-LENGTH DATA ELEMENTS--GENERAL INFORMATION
fixed length control field 181216s||||||||xx |||||||||||||| ||und||
040 ## - CATALOGING SOURCE
Transcribing agency GE_BSU
080 ## - UNIVERSAL DECIMAL CLASSIFICATION NUMBER
Universal Decimal Classification number 087.5:669(479.22)
100 ## - MAIN ENTRY--PERSONAL NAME
Personal name მუმლაძე,კარპე
245 ## - TITLE STATEMENT
Title ქართველი მეტალურგები
245 ## - TITLE STATEMENT
Remainder of title რუსთავის
245 ## - TITLE STATEMENT
Statement of responsibility, etc. რედ.რ.ორჯონიკიძე.მხატვ.გ.ავსაჯანიშვილი
260 ## - PUBLICATION, DISTRIBUTION, ETC.
Place of publication, distribution, etc. თბილისი
260 ## - PUBLICATION, DISTRIBUTION, ETC.
Name of publisher, distributor, etc. ნაკადული
260 ## - PUBLICATION, DISTRIBUTION, ETC.
Date of publication, distribution, etc. 1962
300 ## - PHYSICAL DESCRIPTION
Extent 32გვ.19სმ.
653 ## - INDEX TERM--UNCONTROLLED
Uncontrolled term რუსთავის
653 ## - INDEX TERM--UNCONTROLLED
Uncontrolled term ქართველი მეტალურგები
942 ## - ADDED ENTRY ELEMENTS (KOHA)
Koha item type წიგნი
ეგზემპლარები
Withdrawn status Lost status Damaged status Not for loan Date acquired Barcode Date last seen Price effective from Koha item type
        2018-12-17 32643 2018-12-17 2018-12-17 წიგნი